| 000 | 00394nam a22001457a 4500 | ||
|---|---|---|---|
| 020 | _a9789332545496 | ||
| 082 | _a621.381 FLO | ||
| 100 |
_aFloyd, Thomas L. _910192 |
||
| 245 | _aElectronic devices; conventional current version | ||
| 250 | _a9th | ||
| 260 |
_aIndia _bPearson _c2017 |
||
| 300 | _axi,958 P | ||
| 650 |
_aElectronic Devices; Conventional Current Version _969554 |
||
| 942 | _cBK | ||
| 999 |
_c576787 _d576787 |
||